Normal view
MARC view
Entry Nombre personal
001 - NÚMERO DE CONTROL
- campo de control: 132663
003 - IDENTIFICADOR DE NÚMERO DE CONTROL
- campo de control: OSt
005 - FECHA Y HORA DE LA ÚLTIMA TRANSACCIÓN
- campo de control: 20250913172417.0
008 - ELEMENTOS DE DATO DE LONGITUD-FIJA
- campo de control de longitud fija: 080222 b azznnaaan n bnc d
040 ## - FUENTE DE CATALOGACIÓN
- Centro catalogador/agencia de origen: OSt
- Centro/agencia transcriptor: OSt
100 1# - ENCABEZAMIENTO-NOMBRE DE PERSONA
- Nombre de persona: Serra, Narciso,
- Fechas asociadas al nombre: 1830-1877
400 1# - TRAZADO DE VÉASE--NOMBRE DE PERSONA
- Nombre de persona: Serra, Narciso
400 1# - TRAZADO DE VÉASE--NOMBRE DE PERSONA
- Nombre de persona: Serra, Narciso S. (
- Fechas asociadas al nombre: 1830-1877)
